00712nam a2200205Ia 4500003000400000005001700004008004100021020001800062040001800080041000800098082002000106100002000126245009300146250001200239260005600251300002900307650005800336650006000394650005200454OSt20260119105916.0210716s2006 xx 000 0 und d a9788122418828 cAIMIT LIBRARY aeng a006.6 21bWAIH aWainer, Howard. aGraphic discovery : btrout in the milk and other visual adventures /cBy Howard Wainer. a1st ed. aNew Delhi :bNew Age International Pvt Ltd ,c2006. axvi,192p. ;bPBc26.7 cm aWilliam playfair and the origins of graphicsl display aUsing graphical displays to understand the modern world aGraphical displays in the twenty- first century